| 000 | 00437nam a2200193Ia 4500 | ||
|---|---|---|---|
| 005 | 20240823040737.0 | ||
| 008 | 240823s9999||||xx |||||||||||||| ||und|| | ||
| 020 | _a81-219-2268-2 | ||
| 041 | _aENGLISH | ||
| 082 | _A813.4 P8 | ||
| 100 | _aMark Twain | ||
| 245 | 4 | _aThe Adventures of Tom Sawyer | |
| 250 | _a1st | ||
| 260 |
_c2008 _bS Chand & Co |
||
| 500 | _aYES | ||
| 650 |
_aGeneral _bGeneral |
||
| 942 | _cBK | ||
| 999 |
_c203842 _d203842 |
||